00414cam a22001097a 4500008004000000082001900040245009800059260006900157300001000226650004700236700002100283180718b1996 xxu||||| |||| 00| 0 eng d aX98055x54 Sa83 aHelping hand: a directory of animal welfare organizations in Indiacedited by Camellia Satija aNew DelhibKindness to Animals and Respect for Environmentc1996 a182p. aAnimal welfare organizations - Directories aSatija, Camellia